[Event "44th Chess Olympiad Open 2022"]
[Site "Chennai"]
[Date "2022.07.31"]
[Round "3.24"]
[White "Saric, Ivan"]
[Black "Lim, Zhuo Ren"]
[Result "1/2-1/2"]
[WhiteElo "2680"]
[BlackElo "2318"]
[Annotator "TA"]
[PlyCount "74"]
[EventDate "2022.07.29"]
[EventType "team-tourn"]
[EventCountry "IND"]
[SourceTitle "playchess.com"]
[Source "ChessBase"]
[SourceQuality "1"]
[WhiteTeam "Croatia"]
[BlackTeam "Malaysia"]
[WhiteTeamCountry "CRO"]
[BlackTeamCountry "MAS"]

1. e4 c5 2. Nf3 Nc6 3. Bb5 g6 4. O-O Bg7 5. c3 Nf6 6. Re1 O-O 7. h3 e5 8. d3 d6
9. Nbd2 a6 10. Bxc6 bxc6 11. Qa4 Qc7 12. Nc4 a5 13. d4 cxd4 14. cxd4 Nxe4 15.
Rxe4 d5 16. Rxe5 dxc4 17. Qxc4 Be6 18. Rxe6 fxe6 19. Be3 Qd7 20. Rc1 Rac8 21.
Ng5 Rfe8 22. b3 Qd5 23. Qa6 Qd7 24. Rc4 e5 25. dxe5 Qd1+ 26. Kh2 Bxe5+ 27. f4
Qd3 28. Bc1 Bg7 29. Qa7 Re2 30. Qf7+ Kh8 31. Qb7 Rxg2+ 32. Kxg2 Qe2+ 33. Kg3
Qe1+ 34. Kf3 Qf1+ 35. Kg3 Qg1+ 36. Kf3 Qf1+ 37. Kg3 Qg1+ 1/2-1/2

[Event "44th Chess Olympiad Open 2022"]
[Site "Chennai"]
[Date "2022.08.01"]
[Round "4.1"]
[White "Vidit, Santosh Gujrathi"]
[Black "Fressinet, Laurent"]
[Result "1/2-1/2"]
[WhiteElo "2714"]
[BlackElo "2631"]
[Annotator "TA"]
[PlyCount "61"]
[EventDate "2022.07.29"]
[EventType "team-tourn"]
[EventCountry "IND"]
[SourceTitle "playchess.com"]
[Source "ChessBase"]
[SourceQuality "1"]
[WhiteTeam "India"]
[BlackTeam "France"]
[WhiteTeamCountry "IND"]
[BlackTeamCountry "FRA"]

1. d4 d5 2. c4 e6 3. Nc3 Nf6 4. cxd5 exd5 5. Bg5 c6 6. e3 h6 7. Bh4 Bf5 8. Qf3
Bh7 9. Bxf6 Qxf6 10. Qxf6 gxf6 11. Kd2 Nd7 12. Bd3 Bxd3 13. Kxd3 Rg8 14. g3 f5
15. Nf3 Nf6 16. Rhc1 Ne4 17. Ke2 Be7 18. Ne5 a5 19. Na4 h5 20. h4 Ra7 21. Nd3
Bd6 22. Rc2 Ke7 23. Rb1 Rd8 24. Kd1 Rg8 25. Ke2 Rd8 26. Kf3 Rh8 27. Rbc1 Rg8
28. Rg1 Rh8 29. Rgc1 Rg8 30. Rg1 Rh8 31. Rgc1 1/2-1/2

[Event "44th Chess Olympiad Open 2022"]
[Site "Chennai"]
[Date "2022.08.01"]
[Round "4.1"]
[White "Moussard, Jules"]
[Black "Harikrishna, Pentala"]
[Result "1/2-1/2"]
[WhiteElo "2672"]
[BlackElo "2720"]
[Annotator "TA"]
[PlyCount "104"]
[EventDate "2022.07.29"]
[EventType "team-tourn"]
[EventCountry "IND"]
[SourceTitle "playchess.com"]
[Source "ChessBase"]
[SourceQuality "1"]
[WhiteTeam "France"]
[BlackTeam "India"]
[WhiteTeamCountry "FRA"]
[BlackTeamCountry "IND"]

1. e4 e5 2. Nf3 Nc6 3. Bb5 a6 4. Ba4 Nf6 5. O-O Be7 6. Re1 b5 7. Bb3 O-O 8. a4
b4 9. a5 d6 10. c3 Rb8 11. Bc4 Bg4 12. h3 Bh5 13. Bxa6 d5 14. exd5 Qxd5 15. d3
Bxf3 16. Qxf3 Qxf3 17. gxf3 bxc3 18. bxc3 Ra8 19. Bb7 Rxa5 20. Rxa5 Nxa5 21.
Rxe5 Nxb7 22. Rxe7 Nc5 23. Rxc7 Nxd3 24. Be3 Nd5 25. Rd7 Nxe3 26. Rxd3 Nc4 27.
Nd2 Nxd2 28. Rxd2 Ra8 29. c4 Kf8 30. Kg2 Ke7 31. Kg3 Ra3 32. Rd4 Rc3 33. h4 h5
34. Re4+ Kd6 35. Kf4 g6 36. Kg3 Kd7 37. Kg2 Kd6 38. f4 f5 39. Rd4+ Kc5 40. Rd5+
Kc6 41. Rd8 Rxc4 42. Rg8 Rxf4 43. Rxg6+ Kd5 44. Kg3 Ra4 45. Rg5 Ke5 46. Rxh5
Rg4+ 47. Kf3 Kf6 48. Rh6+ Kg7 49. Rh5 Kg6 50. Rh8 Kg7 51. Rh5 Kg6 52. Rh8 Kg7
1/2-1/2

[Event "44th Chess Olympiad Open 2022"]
[Site "Chennai"]
[Date "2022.08.01"]
[Round "4.1"]
[White "Narayanan.S.L"]
[Black "Lagarde, Maxime"]
[Result "1/2-1/2"]
[WhiteElo "2659"]
[BlackElo "2631"]
[Annotator "TA"]
[PlyCount "101"]
[EventDate "2022.07.29"]
[EventType "team-tourn"]
[EventCountry "IND"]
[SourceTitle "playchess.com"]
[Source "ChessBase"]
[SourceQuality "1"]
[WhiteTeam "India"]
[BlackTeam "France"]
[WhiteTeamCountry "IND"]
[BlackTeamCountry "FRA"]

1. d4 f5 2. Bg5 g6 3. Nc3 Bg7 4. f3 Nc6 5. d5 Ne5 6. e4 fxe4 7. fxe4 Nh6 8. Nf3
Nhf7 9. Bf4 O-O 10. Qd2 c6 11. O-O-O Qa5 12. Kb1 Nxf3 13. gxf3 Ne5 14. h4 Nxf3
15. Qe3 Bxc3 16. bxc3 Qb6+ 17. Qxb6 axb6 18. Bh6 Rf6 19. d6 exd6 20. Bc4+ d5
21. exd5 b5 22. Be2 Ne5 23. Rhe1 d6 24. Bg5 Rf2 25. dxc6 bxc6 26. Rxd6 Bf5 27.
Rd2 Nf3 28. Bxf3 Rxf3 29. Kb2 Bh3 30. Rd6 Rf2 31. Rxc6 Bf5 32. Rc1 Bd3 33. Be3
Re2 34. Bd4 Bc4 35. a3 Re4 36. Rc7 Rxh4 37. Re1 Bf7 38. Rf1 Rf8 39. Be5 Rc4 40.
Rb7 Rc6 41. c4 Rxc4 42. Bd6 Rd8 43. Rfxf7 Rxd6 44. Rg7+ Kh8 45. Rxh7+ Kg8 46.
Rbg7+ Kf8 47. Ra7 Kg8 48. Rhb7 Rdc6 49. Ra8+ Rc8 50. Rxc8+ Rxc8 51. Rxb5
1/2-1/2

[Event "44th Chess Olympiad Open 2022"]
[Site "Chennai"]
[Date "2022.08.01"]
[Round "4.1"]
[White "Cornette, Matthieu"]
[Black "Erigaisi Arjun"]
[Result "1/2-1/2"]
[WhiteElo "2551"]
[BlackElo "2689"]
[Annotator "TA"]
[PlyCount "48"]
[EventDate "2022.07.29"]
[EventType "team-tourn"]
[EventCountry "IND"]
[SourceTitle "playchess.com"]
[Source "ChessBase"]
[SourceQuality "1"]
[WhiteTeam "France"]
[BlackTeam "India"]
[WhiteTeamCountry "FRA"]
[BlackTeamCountry "IND"]

1. e4 c5 2. Nf3 d6 3. Bb5+ Nd7 4. d4 cxd4 5. Nxd4 Ngf6 6. O-O e5 7. Nf5 a6 8.
Bd3 Nc5 9. Nc3 d5 10. Bg5 dxe4 11. Bxe4 Ncxe4 12. Nxg7+ Bxg7 13. Qxd8+ Kxd8 14.
Nxe4 Ke7 15. f4 Ke6 16. f5+ Ke7 17. Rad1 a5 18. Rd5 Ra6 19. Re1 h6 20. Bh4 Kf8
21. Rd8+ Ke7 22. Rd5 Kf8 23. Rd8+ Ke7 24. Rd5 Kf8 1/2-1/2

[Event "44th Chess Olympiad Open 2022"]
[Site "Chennai"]
[Date "2022.08.01"]
[Round "4.2"]
[White "So, Wesley"]
[Black "Sindarov, Javokhir"]
[Result "1-0"]
[WhiteElo "2773"]
[BlackElo "2629"]
[Annotator "TA"]
[PlyCount "55"]
[EventDate "2022.07.29"]
[EventType "team-tourn"]
[EventCountry "IND"]
[SourceTitle "playchess.com"]
[Source "ChessBase"]
[SourceQuality "1"]
[WhiteTeam "United States"]
[BlackTeam "Uzbekistan"]
[WhiteTeamCountry "USA"]
[BlackTeamCountry "UZB"]

1. d4 Nf6 2. c4 g6 3. h4 c5 4. d5 b5 5. cxb5 a6 6. e3 axb5 7. Bxb5 Qa5+ 8. Nc3
Ba6 9. Bxa6 Qxa6 10. Nge2 Bg7 11. O-O O-O 12. a4 Qc4 13. g3 e6 14. b3 Qg4 15.
Ba3 Na6 16. Rc1 exd5 17. Nf4 Rfb8 18. Nb5 Qxd1 19. Rfxd1 d6 20. Bb2 Rb7 21.
Bxf6 Bxf6 22. Nxd5 Bg7 23. Rd3 Rab8 24. g4 c4 25. Rxc4 Nc5 26. Rd1 Nxb3 27.
Nxd6 Ra7 28. Nc8 1-0

[Event "44th Chess Olympiad Open 2022"]
[Site "Chennai"]
[Date "2022.08.01"]
[Round "4.2"]
[White "Yakubboev, Nodirbek"]
[Black "Aronian, Levon"]
[Result "1/2-1/2"]
[WhiteElo "2620"]
[BlackElo "2775"]
[Annotator "TA"]
[PlyCount "71"]
[EventDate "2022.07.29"]
[EventType "team-tourn"]
[EventCountry "IND"]
[SourceTitle "playchess.com"]
[Source "ChessBase"]
[SourceQuality "1"]
[WhiteTeam "Uzbekistan"]
[BlackTeam "United States"]
[WhiteTeamCountry "UZB"]
[BlackTeamCountry "USA"]

1. e4 e5 2. Nf3 Nc6 3. Bc4 Nf6 4. d3 Be7 5. O-O O-O 6. a4 d5 7. exd5 Nxd5 8.
Re1 Bg4 9. h3 Bxf3 10. Qxf3 Nb6 11. Nd2 Nxc4 12. Nxc4 f6 13. c3 a5 14. Qg3 Qd7
15. Bh6 Rf7 16. Rad1 Bf8 17. Be3 Re8 18. f4 b6 19. b3 Rfe7 20. fxe5 Nxe5 21.
Nxe5 Rxe5 22. Bf4 Rxe1+ 23. Rxe1 Rxe1+ 24. Qxe1 Kf7 25. Qe4 Bd6 26. Bxd6 Qxd6
27. b4 Qe6 28. Qxe6+ Kxe6 29. bxa5 bxa5 30. Kf2 g5 31. Ke3 f5 32. g3 Kd5 33.
Kf3 Ke5 34. Ke3 Kd5 35. Kf3 Ke5 36. Ke3 1/2-1/2

[Event "44th Chess Olympiad Open 2022"]
[Site "Chennai"]
[Date "2022.08.01"]
[Round "4.2"]
[White "Vakhidov, Jakhongir"]
[Black "Shankland, Sam"]
[Result "1/2-1/2"]
[WhiteElo "2564"]
[BlackElo "2720"]
[Annotator "TA"]
[PlyCount "119"]
[EventDate "2022.07.29"]
[EventType "team-tourn"]
[EventCountry "IND"]
[SourceTitle "playchess.com"]
[Source "ChessBase"]
[SourceQuality "1"]
[WhiteTeam "Uzbekistan"]
[BlackTeam "United States"]
[WhiteTeamCountry "UZB"]
[BlackTeamCountry "USA"]

1. d4 d5 2. c4 e6 3. Nc3 Nf6 4. cxd5 exd5 5. Bg5 Bb4 6. Qb3 c5 7. dxc5 Nc6 8.
O-O-O Qa5 9. Bxf6 gxf6 10. e3 Be6 11. Kb1 O-O-O 12. Nxd5 Bxc5 13. Nf3 Bxe3 14.
fxe3 Bxd5 15. Bc4 Bxc4 16. Qxc4 Qf5+ 17. Ka1 Qe6 18. Qf4 Rhg8 19. Nd4 Nxd4 20.
exd4 Qd6 21. Qf5+ Kb8 22. g3 h6 23. Rhf1 Rg6 24. a3 Qd5 25. Qf4+ Qd6 26. Rde1
Qxf4 27. Rxf4 Kc7 28. Kb1 Kd6 29. Kc2 h5 30. Kd3 Rh8 31. Ree4 a6 32. Rf5 Rhh6
33. Ref4 Ke6 34. Kc4 b6 35. Rd5 Rg4 36. Rf2 Re4 37. Rd8 Ke7 38. Rb8 b5+ 39. Kd5
Re6 40. Rc2 f5 41. Rc7+ Kf6 42. Rf8 Rh7 43. Rc6 Rxc6 44. Kxc6 h4 45. d5 hxg3
46. hxg3 Rh2 47. d6 Rc2+ 48. Kd7 Rxb2 49. Kd8 a5 50. d7 Rc2 51. Rh8 b4 52. a4
b3 53. Rh6+ Kg7 54. Rb6 b2 55. Rb5 Kg6 56. Ke7 Re2+ 57. Kd6 Rd2+ 58. Kc6 Rc2+
59. Kb7 Rd2 60. Kc7 1/2-1/2

[Event "44th Chess Olympiad Open 2022"]
[Site "Chennai"]
[Date "2022.08.01"]
[Round "4.3"]
[White "Vallejo Pons, Francisco"]
[Black "Sethuraman, S.P.."]
[Result "1/2-1/2"]
[WhiteElo "2702"]
[BlackElo "2623"]
[Annotator "TA"]
[PlyCount "61"]
[EventDate "2022.07.29"]
[EventType "team-tourn"]
[EventCountry "IND"]
[SourceTitle "playchess.com"]
[Source "ChessBase"]
[SourceQuality "1"]
[WhiteTeam "Spain"]
[BlackTeam "India"]
[WhiteTeamCountry "ESP"]
[BlackTeamCountry "IND"]

1. e4 e5 2. Nf3 Nf6 3. Nxe5 d6 4. Nf3 Nxe4 5. c4 Nc6 6. d3 Nf6 7. d4 Be7 8. d5
Ne5 9. Nd4 Bg4 10. Be2 Bxe2 11. Qxe2 O-O 12. Nc3 Re8 13. O-O Bf8 14. h3 c6 15.
dxc6 bxc6 16. Be3 d5 17. cxd5 Nxd5 18. Nxd5 Qxd5 19. Rfd1 a5 20. b3 a4 21. Nf3
Nxf3+ 22. Qxf3 Qxf3 23. gxf3 axb3 24. axb3 Rxa1 25. Rxa1 Rb8 26. Rc1 Rxb3 27.
Rxc6 f6 28. Kg2 Kf7 29. Ra6 Rb7 30. Ra4 g5 31. f4 1/2-1/2

[Event "44th Chess Olympiad Open 2022"]
[Site "Chennai"]
[Date "2022.08.01"]
[Round "4.3"]
[White "Santos Latasa, Jaime"]
[Black "Karthikeyan, Murali"]
[Result "1/2-1/2"]
[WhiteElo "2675"]
[BlackElo "2613"]
[Annotator "TA"]
[PlyCount "103"]
[EventDate "2022.07.29"]
[EventType "team-tourn"]
[EventCountry "IND"]
[SourceTitle "playchess.com"]
[Source "ChessBase"]
[SourceQuality "1"]
[WhiteTeam "Spain"]
[BlackTeam "India"]
[WhiteTeamCountry "ESP"]
[BlackTeamCountry "IND"]

1. e4 c5 2. Nf3 Nc6 3. Bb5 g6 4. Bxc6 dxc6 5. d3 Bg7 6. h3 b6 7. O-O e5 8. a3
a5 9. Be3 Ne7 10. Nbd2 Qc7 11. Nc4 Be6 12. b4 Bxc4 13. dxc4 axb4 14. axb4 Rxa1
15. Qxa1 cxb4 16. c5 bxc5 17. Qa8+ Qd8 18. Qa7 O-O 19. Bxc5 Re8 20. Rb1 Nc8 21.
Qb7 Bf8 22. Bxf8 Kxf8 23. Qxc6 Qd6 24. Qc4 Nb6 25. Qxb4 Qxb4 26. Rxb4 Nd7 27.
Rc4 Ke7 28. Kf1 Ra8 29. Ke2 Kd6 30. Rc3 Ra4 31. Nd2 f5 32. exf5 gxf5 33. Rc8 f4
34. g4 e4 35. f3 exf3+ 36. Nxf3 Re4+ 37. Kd2 Nb6 38. Rd8+ Kc5 39. Rd3 Nc4+ 40.
Kc3 Nb6 41. Ng5 Re7 42. h4 Nc4 43. Rd8 Nd6 44. Kb2 Re3 45. Nxh7 f3 46. Rf8 Nc4+
47. Ka2 Ra3+ 48. Kb1 Nd2+ 49. Kb2 Nc4+ 50. Kb1 Nd2+ 51. Kb2 Nc4+ 52. Kb1
1/2-1/2

[Event "44th Chess Olympiad Open 2022"]
[Site "Chennai"]
[Date "2022.08.01"]
[Round "4.3"]
[White "Gupta, Abhijeet"]
[Black "Anton Guijarro, David"]
[Result "0-1"]
[WhiteElo "2627"]
[BlackElo "2667"]
[Annotator "TA"]
[PlyCount "82"]
[EventDate "2022.07.29"]
[EventType "team-tourn"]
[EventCountry "IND"]
[SourceTitle "playchess.com"]
[Source "ChessBase"]
[SourceQuality "1"]
[WhiteTeam "India"]
[BlackTeam "Spain"]
[WhiteTeamCountry "IND"]
[BlackTeamCountry "ESP"]

1. d4 Nf6 2. c4 e6 3. Nf3 d5 4. g3 Bb4+ 5. Nbd2 O-O 6. Bg2 dxc4 7. Qc2 c5 8.
dxc5 Nc6 9. O-O e5 10. Nxc4 e4 11. Nfe5 Nxe5 12. Nxe5 Qe7 13. Nc4 Bxc5 14. Bg5
Bf5 15. b4 Bxb4 16. Ne3 Bg6 17. Rab1 a5 18. Qb2 Rfd8 19. Rfd1 h6 20. Bh4 Qe6
21. a3 Bc5 22. Qxb7 Bxe3 23. fxe3 Rxd1+ 24. Rxd1 Re8 25. Bxf6 Qxf6 26. Qb5 Qe5
27. a4 Qxb5 28. axb5 Rb8 29. Rd5 f5 30. b6 a4 31. Ra5 Be8 32. g4 Rxb6 33. gxf5
Bc6 34. Kf2 Rb5 35. Rxb5 Bxb5 36. Bxe4 Bc4 37. Bb1 Kf7 38. Kf3 Kf6 39. Kf4 Bxe2
40. Bc2 a3 41. Bb3 Bd3 0-1

[Event "44th Chess Olympiad Open 2022"]
[Site "Chennai"]
[Date "2022.08.01"]
[Round "4.3"]
[White "Ganguly, Surya Shekhar"]
[Black "Shirov, Alexei"]
[Result "1/2-1/2"]
[WhiteElo "2608"]
[BlackElo "2704"]
[Annotator "TA"]
[PlyCount "73"]
[EventDate "2022.07.29"]
[EventType "team-tourn"]
[EventCountry "IND"]
[SourceTitle "playchess.com"]
[Source "ChessBase"]
[SourceQuality "1"]
[WhiteTeam "India"]
[BlackTeam "Spain"]
[WhiteTeamCountry "IND"]
[BlackTeamCountry "ESP"]

1. e4 e5 2. Nf3 Nc6 3. d4 exd4 4. Nxd4 Nf6 5. Nc3 Bb4 6. Nxc6 bxc6 7. Bd3 d5 8.
Bd2 O-O 9. O-O Bxc3 10. Bxc3 dxe4 11. Bxf6 Qxf6 12. Bxe4 Qxb2 13. Bxc6 Rb8 14.
Rb1 Qxb1 15. Qxb1 Rxb1 16. Rxb1 Rd8 17. Bf3 Bf5 18. Rb7 Bxc2 19. Rxc7 Be4 20.
Rxa7 Bxf3 21. gxf3 g6 22. a4 Rd3 23. Kg2 Ra3 24. Kg3 Kg7 25. Ra6 h5 26. h4 Ra1
27. Kg2 Ra2 28. f4 Ra3 29. f3 Ra2+ 30. Kg3 f5 31. a5 Kf7 32. Ra7+ Kg8 33. a6
Kf8 34. Kh3 Kg8 35. Kg3 Kf8 36. Kh3 Kg8 37. Kg3 1/2-1/2

[Event "44th Chess Olympiad Open 2022"]
[Site "Chennai"]
[Date "2022.08.01"]
[Round "4.4"]
[White "Duda, Jan-Krzysztof"]
[Black "Deac, Bogdan-Daniel"]
[Result "1/2-1/2"]
[WhiteElo "2750"]
[BlackElo "2692"]
[Annotator "TA"]
[PlyCount "72"]
[EventDate "2022.07.29"]
[EventType "team-tourn"]
[EventCountry "IND"]
[SourceTitle "playchess.com"]
[Source "ChessBase"]
[SourceQuality "1"]
[WhiteTeam "Poland"]
[BlackTeam "Romania"]
[WhiteTeamCountry "POL"]
[BlackTeamCountry "ROU"]

1. d4 Nf6 2. c4 e6 3. Nf3 d5 4. g3 Be7 5. Bg2 O-O 6. O-O dxc4 7. Ne5 Nc6 8.
Bxc6 bxc6 9. Nxc6 Qe8 10. Nxe7+ Qxe7 11. b3 cxb3 12. Qxb3 Rd8 13. Ba3 Qe8 14.
Rd1 Ba6 15. Nc3 Nd5 16. e4 Rab8 17. Qc2 Nb4 18. Bxb4 Rxb4 19. d5 e5 20. Qc1 Rc4
21. Qa3 Rd6 22. Rab1 h5 23. Rb4 Rxb4 24. Qxb4 h4 25. a4 Qc8 26. Nb5 hxg3 27.
Nxd6 Qg4 28. Qb8+ Kh7 29. Nxf7 gxf2+ 30. Kxf2 Qf4+ 31. Kg2 Qxe4+ 32. Kf2 Qe2+
33. Kg3 Qe3+ 34. Kg2 Qe2+ 35. Kg3 Qe3+ 36. Kg2 Qe2+ 1/2-1/2

[Event "44th Chess Olympiad Open 2022"]
[Site "Chennai"]
[Date "2022.08.01"]
[Round "4.4"]
[White "Piorun, Kacper"]
[Black "Parligras, Mircea-Emilian"]
[Result "1/2-1/2"]
[WhiteElo "2636"]
[BlackElo "2576"]
[Annotator "TA"]
[PlyCount "75"]
[EventDate "2022.07.29"]
[EventType "team-tourn"]
[EventCountry "IND"]
[SourceTitle "playchess.com"]
[Source "ChessBase"]
[SourceQuality "1"]
[WhiteTeam "Poland"]
[BlackTeam "Romania"]
[WhiteTeamCountry "POL"]
[BlackTeamCountry "ROU"]

1. d4 Nf6 2. c4 e6 3. Nc3 Bb4 4. e3 O-O 5. Bd3 d5 6. cxd5 exd5 7. a3 Bd6 8. Qc2
b6 9. b4 c6 10. Nge2 Ba6 11. b5 Bb7 12. O-O c5 13. Bb2 Nbd7 14. Ng3 Re8 15.
Rfe1 Rc8 16. Qd1 g6 17. Be2 cxd4 18. exd4 Ne4 19. Ngxe4 dxe4 20. Bf1 Qg5 21.
Bc1 Qf5 22. Bd2 Nf6 23. h3 h5 24. Qb3 h4 25. Nd1 Bb8 26. Ne3 Qd7 27. Bc4 Qc7
28. Rac1 Qh2+ 29. Kf1 Rc7 30. Ke2 Nh5 31. Ng4 Qxg2 32. Bxf7+ Rxf7 33. Nh6+ Kh8
34. Qxf7 Nf4+ 35. Bxf4 Qf3+ 36. Kf1 Qh1+ 37. Ke2 Qf3+ 38. Kf1 1/2-1/2

[Event "44th Chess Olympiad Open 2022"]
[Site "Chennai"]
[Date "2022.08.01"]
[Round "4.4"]
[White "Lupulescu, Constantin"]
[Black "Wojtaszek, Radoslaw"]
[Result "1/2-1/2"]
[WhiteElo "2628"]
[BlackElo "2708"]
[Annotator "TA"]
[PlyCount "60"]
[EventDate "2022.07.29"]
[EventType "team-tourn"]
[EventCountry "IND"]
[SourceTitle "playchess.com"]
[Source "ChessBase"]
[SourceQuality "1"]
[WhiteTeam "Romania"]
[BlackTeam "Poland"]
[WhiteTeamCountry "ROU"]
[BlackTeamCountry "POL"]

1. d4 Nf6 2. c4 e6 3. Nc3 Bb4 4. e3 O-O 5. Bd3 c5 6. Nge2 d5 7. cxd5 cxd4 8.
exd4 Nxd5 9. O-O Nc6 10. a3 Bd6 11. Re1 Qh4 12. g3 Qh5 13. Nxd5 exd5 14. Bf4
Rd8 15. Bxd6 Rxd6 16. Nf4 Qxd1 17. Raxd1 Bd7 18. h4 h6 19. Bf1 g5 20. Ng2 Bg4
21. Be2 Bxe2 22. Rxe2 Kf8 23. Kf1 Re8 24. Rxe8+ Kxe8 25. hxg5 hxg5 26. Ne3 Ne7
27. Ke2 Rb6 28. Rd2 Kd7 29. Nd1 Re6+ 30. Kd3 Re1 1/2-1/2

[Event "44th Chess Olympiad Open 2022"]
[Site "Chennai"]
[Date "2022.08.01"]
[Round "4.4"]
[White "Gavrilescu, David"]
[Black "Moranda, Wojciech"]
[Result "1/2-1/2"]
[WhiteElo "2525"]
[BlackElo "2636"]
[Annotator "TA"]
[PlyCount "60"]
[EventDate "2022.07.29"]
[EventType "team-tourn"]
[EventCountry "IND"]
[SourceTitle "playchess.com"]
[Source "ChessBase"]
[SourceQuality "1"]
[WhiteTeam "Romania"]
[BlackTeam "Poland"]
[WhiteTeamCountry "ROU"]
[BlackTeamCountry "POL"]

1. e4 c6 2. Nf3 d5 3. Nc3 dxe4 4. Nxe4 Nf6 5. Qe2 Nxe4 6. Qxe4 Nd7 7. d4 Nf6 8.
Qf4 Nd5 9. Qd2 Bf5 10. Bd3 Bxd3 11. Qxd3 e6 12. O-O Be7 13. c4 Nf6 14. Bf4 O-O
15. Rad1 Qb6 16. Qe2 Rad8 17. Rfe1 Rfe8 18. Ne5 c5 19. dxc5 Bxc5 20. Bg5 Be7
21. b3 Qc7 22. h3 Rxd1 23. Rxd1 Rd8 24. Rxd8+ Qxd8 25. Ng4 Nxg4 26. Bxe7 Qxe7
27. Qxg4 g6 28. Qd4 b6 29. g3 Qa3 30. Qd8+ Kg7 1/2-1/2

[Event "44th Chess Olympiad Open 2022"]
[Site "Chennai"]
[Date "2022.08.01"]
[Round "4.5"]
[White "Mamedov, Rauf"]
[Black "Can, Emre"]
[Result "1/2-1/2"]
[WhiteElo "2656"]
[BlackElo "2606"]
[Annotator "TA"]
[PlyCount "64"]
[EventDate "2022.07.29"]
[EventType "team-tourn"]
[EventCountry "IND"]
[SourceTitle "playchess.com"]
[Source "ChessBase"]
[SourceQuality "1"]
[WhiteTeam "Azerbaijan"]
[BlackTeam "Turkey"]
[WhiteTeamCountry "AZE"]
[BlackTeamCountry "TUR"]

1. Nf3 d5 2. g3 g6 3. Bg2 Bg7 4. d4 Nf6 5. c4 c6 6. O-O O-O 7. a4 Na6 8. cxd5
cxd5 9. Nc3 Nb4 10. a5 Nc6 11. Ne5 e6 12. Nxc6 bxc6 13. Qa4 Qd7 14. a6 Rb8 15.
Qc2 Qd8 16. Na4 Bxa6 17. Nc5 Bb5 18. Rxa7 Ra8 19. Rb7 Rb8 20. Ra7 Ra8 21. Rb7
Rb8 22. Rxb8 Qxb8 23. Bf4 Qa7 24. Be5 Ra8 25. Rc1 Nd7 26. Nxd7 Qxd7 27. Bxg7
Kxg7 28. e3 Qd6 29. Bf1 Bxf1 30. Kxf1 Rb8 31. Qxc6 Qxc6 32. Rxc6 Rxb2 1/2-1/2

[Event "44th Chess Olympiad Open 2022"]
[Site "Chennai"]
[Date "2022.08.01"]
[Round "4.5"]
[White "Durarbayli, Vasif"]
[Black "Ali Marandi, Cemil Can"]
[Result "1-0"]
[WhiteElo "2638"]
[BlackElo "2561"]
[Annotator "TA"]
[PlyCount "165"]
[EventDate "2022.07.29"]
[EventType "team-tourn"]
[EventCountry "IND"]
[SourceTitle "playchess.com"]
[Source "ChessBase"]
[SourceQuality "1"]
[WhiteTeam "Azerbaijan"]
[BlackTeam "Turkey"]
[WhiteTeamCountry "AZE"]
[BlackTeamCountry "TUR"]

1. e4 e5 2. Nf3 Nc6 3. Bc4 Nf6 4. d3 Bc5 5. O-O a6 6. a4 d6 7. c3 h6 8. Re1 Ba7
9. Nbd2 O-O 10. h3 Re8 11. Qb3 Qe7 12. a5 Rb8 13. Nf1 Be6 14. Bxe6 Qxe6 15.
Qxe6 Rxe6 16. Be3 Rd8 17. Bxa7 Nxa7 18. Ne3 Ree8 19. g3 Nc6 20. Kf1 d5 21. Ra4
dxe4 22. dxe4 Nd7 23. Rc4 Nf6 24. Ra1 Rd7 25. Raa4 g6 26. Ke2 Na7 27. Nd2 Nc8
28. Rcb4 Nd6 29. Nb3 Rdd8 30. Nc5 Nd7 31. Nxd7 Rxd7 32. Ra1 Nb5 33. Rd1 Rxd1
34. Kxd1 Kg7 35. Ke2 h5 36. Rc4 c6 37. Rb4 Rd8 38. Nc4 Kf6 39. Nd2 Ke6 40. Nb3
Kd6 41. Rc4 Kc7 42. Nc5 Nd6 43. Rb4 Rh8 44. f4 Re8 45. Kf3 f5 46. h4 Re7 47.
Ra4 Re8 48. exf5 gxf5 49. fxe5 Rxe5 50. Nd3 Rd5 51. Ke3 Ne4 52. Nf4 Re5 53. Kf3
Nf6 54. Ra1 Re8 55. Rd1 Re5 56. b4 Re8 57. Rd3 Ng4 58. Kg2 Nf6 59. Kf1 Re4 60.
Rf3 Kd6 61. Kg2 Re8 62. Rd3+ Kc7 63. c4 Re4 64. c5 Kb8 65. Rd6 Ng4 66. Nxh5
Rxb4 67. Nf6 Rb2+ 68. Kf1 Rb1+ 69. Ke2 Rb2+ 70. Ke1 Rb1+ 71. Kd2 Rb2+ 72. Kc3
Rg2 73. Nd7+ Ka7 74. Nb6 Rxg3+ 75. Kb2 Rg2+ 76. Kb3 Rg3+ 77. Ka4 Ne5 78. Rd8
Rg4+ 79. Kb3 Rg3+ 80. Kc2 Rg2+ 81. Kd1 Rg1+ 82. Ke2 Rg2+ 83. Kf1 1-0

[Event "44th Chess Olympiad Open 2022"]
[Site "Chennai"]
[Date "2022.08.01"]
[Round "4.5"]
[White "Yilmaz, Mustafa"]
[Black "Mamedyarov, Shakhriyar"]
[Result "1/2-1/2"]
[WhiteElo "2634"]
[BlackElo "2759"]
[Annotator "TA"]
[PlyCount "61"]
[EventDate "2022.07.29"]
[EventType "team-tourn"]
[EventCountry "IND"]
[SourceTitle "playchess.com"]
[Source "ChessBase"]
[SourceQuality "1"]
[WhiteTeam "Turkey"]
[BlackTeam "Azerbaijan"]
[WhiteTeamCountry "TUR"]
[BlackTeamCountry "AZE"]

1. d4 Nf6 2. c4 e6 3. Nf3 Bb4+ 4. Nbd2 d5 5. Qa4+ Nc6 6. a3 Be7 7. e3 a5 8. Bd3
O-O 9. O-O Bd7 10. Qc2 a4 11. Ne5 Na5 12. Nxd7 Qxd7 13. cxd5 exd5 14. b4 axb3
15. Nxb3 Bd6 16. Nxa5 Rxa5 17. Bd2 Rxa3 18. Rxa3 Bxa3 19. Qb3 Bd6 20. Qxb7 c5
21. Qxd7 Nxd7 22. Bf5 Nf6 23. dxc5 Bxc5 24. Rc1 Ba3 25. Rc8 g6 26. Rxf8+ Kxf8
27. Bd3 Ne4 28. Bxe4 dxe4 29. Kf1 f5 30. Ke2 Kf7 31. Bc3 1/2-1/2

[Event "44th Chess Olympiad Open 2022"]
[Site "Chennai"]
[Date "2022.08.01"]
[Round "4.5"]
[White "Sanal, Vahap"]
[Black "Guseinov, Gadir"]
[Result "1-0"]
[WhiteElo "2574"]
[BlackElo "2668"]
[Annotator "TA"]
[PlyCount "97"]
[EventDate "2022.07.29"]
[EventType "team-tourn"]
[EventCountry "IND"]
[SourceTitle "playchess.com"]
[Source "ChessBase"]
[SourceQuality "1"]
[WhiteTeam "Turkey"]
[BlackTeam "Azerbaijan"]
[WhiteTeamCountry "TUR"]
[BlackTeamCountry "AZE"]

1. d4 d5 2. c4 c6 3. cxd5 cxd5 4. Bf4 Nc6 5. e3 Nf6 6. Bd3 Bg4 7. f3 Bh5 8. Nc3
e6 9. Qb3 Qd7 10. Nge2 Bg6 11. Bb5 Be7 12. g4 a6 13. Bxc6 Qxc6 14. h4 h5 15. g5
Nd7 16. Kf2 Qb6 17. Rhc1 Qxb3 18. axb3 O-O 19. Bg3 Rfc8 20. Nf4 Kh7 21. Nxg6
Kxg6 22. Ne2 Kh7 23. Nf4 g6 24. Nd3 Kg8 25. b4 Nb6 26. Nc5 Bxc5 27. bxc5 Nd7
28. Rc3 Rc6 29. b4 Rac8 30. Rb3 e5 31. Bxe5 Nxe5 32. dxe5 b6 33. Rxa6 bxc5 34.
b5 Rxa6 35. bxa6 c4 36. Rc3 Kf8 37. a7 Ke7 38. Ra3 Ra8 39. Ke2 Kd7 40. Kd2 Kc6
41. Kc3 Kb5 42. Ra2 Kc5 43. Ra1 Kb5 44. Kd4 Kc6 45. e4 dxe4 46. fxe4 Kb5 47.
Kc3 Kc5 48. Ra4 Kb5 49. Rb4+ 1-0